000 00932nam a2200265Ia 4500
003 OSt
005 20221005112842.0
006 a|||||r|||| 00| 0
007 ta
008 221004b |||||||| |||| 00| 0 pan d
020 _a8182990610
_c240
024 _a117591
037 _b574, 03/02/2012, H.K. Prakashan
_cTextual
040 _aCRL
_cCRL
_bpan
041 _2pan
_apan
082 _aO153,3(Y15):g, P6
100 _aਹਰਕਮਲ ਕੌਰ
245 0 _aਪਰਵਾਸੀ ਨਾਰੀ ਨਾਵਲਕਾਰਾਂ ਦੀ ਨਾਰੀ ਚੇਤਨਾ
260 _aਦਿੱਲੀ
_bਆਰੀ ਪਬਲਿਰਗ਼ ਭਾਰਤ
_c2006
300 _a200ਪੰ
_ccm.
650 _a ਪੰਜਾਬੀ ਨਾਵਲ
650 _aਪੰਜਾਬੀ ਸਾਹਿਤ
942 _hO153,3(Y15):g, P6
_cTEXL
_2cc
999 _c1026188
_d1026188